00732nam a22001937a 450000500170000001000130001702000270003003500130005703700280007008200130009810000190011124500740013026000420020427000440024630000260029094200270031699900170034395201780036020140321105126.0 aB-500345 a9788189131609c2750.00 aB-500345 adplbMallika Books/Ven a737.0954 aDubey, Sitaram aMethodology of Numismatic study and History-Writingcby Sitaram Dubey aNew DelhibResearch India Pressc2012 aE-6/34, Sangam ViharbNew Delhie110062 a267p.bill.c28cm(Hb) 2ddccENh737.0954mDUB c83113d83113 001040718REFaLbLd2014-03-21eMallika Books/99/15.03.2013/174/08.03.2013/18.03.2013g2750.00l0o737.0954 DUBpB-500345r2014-03-21 00:00:00t1v2750.00w2014-03-21yEN